000
00345 a2200169 4500
001
188556
020
_a
978-85-7472-903-9
040
_c
Magnum
100
_a
Iacocca, Michele
240
1
0
_a
O encontro
_l
por
245
1
0
_a
O encontro
300
_a
23
362
0
_a
2009
440
1
_a
Positivo
697
_a
LITERATURA INFANTIL
942
_c
BK
999
_c
188556
_d
188556